000 01301cam a22004214i 4500
003 PE-LiUPU
005 20250731173242.0
008 150625s r 000 0 d
035 _a(Sirsi) a35343
040 _aPE-LiUPU
_bspa
_cPE-LiUPU
_erda
082 0 4 _a253.5
_bD72
_221
100 1 _aDobbins, Gaines S.,
_eautor.
245 1 2 _aA ministering church /
_cGaines S. Dobbins.
264 1 _aNashville :
_bBroadman Press,
_c1960.
300 _aviii, 231 p. ;
_c22 cm.
336 _atext
_2rdacontent
337 _aunmediated
_2rdamedia
338 _avolume
_2rdacarrier
526 _aSEG42
526 _aSEG41
526 _aSEG40
526 _aSEG39
526 _aP94
526 _aP87
526 _aP86
526 _aP85
526 _aP77
526 _aP76
526 _aP35
650 1 4 _aTrabajo de iglesia.
650 2 4 _aTeología pastoral.
_91381
910 _a
942 _2ddc
_cBOOK
949 _a253.5 D72
_wDEWEY
_c1
_i10841
_lCCODEBUL1
_mBUL
_p00.00
_r0
_sY
_tBOOK
_u2015-06-25
_xBIBLIOTECA
_zUNKNOWN
_0COMPRA
_o.STAFF. Colección General
596 _a1
999 _a253.5 D72
_wDEWEY
_c43297
_i10841
_f2021-11-12
_g5
_lCCODEBUL1
_mBUL
_r0
_sY
_tBOOK
_u2015-6-25
_xTEOLOGIA
_zUNKNOWN
_0COMPRA
_o.STAFF. Colección General
_d43297
980 _81
_gALBERTO SANCHEZ Responsable de Automatización